000 00734cam a22002777a 4500
001 000271
003 armpunfd
005 20140612090605.0
008 011019e1988####xx#a##########000#0#und#d
040 _aarmpunfd
_carmpunfd
080 _a347.9 AR 15
100 1 0 _a Arazi, Roland
245 1 0 _aElementos de derecho procesal
260 _a Buenos Aires
_b Astrea
_c1988
300 _a255 p.
650 7 _a Derecho Procesal
_2LEMB
942 _cLB
_2cdu
945 _aCatalis
_d2010-08-19
945 _aCatalis
_d2010-08-19
945 _aCatalis
_d2010-08-19
945 _aCatalis
_d2010-08-19
945 _aCatalis
_d2010-08-19
945 _aCatalis
_d2010-08-19
945 _aCatalis
_d2010-08-19
945 _asa
_d2013-10-29
999 _c269
_d230773